Nopea näppäily A-Z aakkosjärjestyksessä - Statistics

Yleistilastot
  • Tätä visaa on pelattu 719 kertaa
  • Keskiarvotulos 24 / 26
Vastaustilastot
Vastaus % Oikein
A
100%
B
100%
C
100%
D
100%
E
99%
F
99%
G
97%
H
96%
I
95%
J
95%
K
95%
L
95%
M
94%
N
94%
O
94%
P
94%
Q
92%
R
90%
S
90%
T
90%
U
89%
V
89%
W
85%
X
81%
Y
80%
Z
79%
Ehtoja vastaavia visoja ei löytynyt
Tulosjakauma
Jokaisen tuloksen saaneiden osuus
Persentiili vastausten määrän mukaan
Tuloshistoriasi
Et ole pelannut tätä visaa